effect of diammonium phosphate (D A P) fertilizer on chinese cabbage at royal university of agriculture ,ប្រសិទ្ធភាពជីឌីអាម៉ូនីញ៉ូមផូស្វាត(ដេ អា ប៉េ)ទៅលើដំណាំស្ពៃចង្កឹះនៅសាកលវិទ្យាល័យភូមិន្ទកសិកម្ម (Record no. 12158)

000 -LEADER
fixed length control field 00765nam a22001577a 4500
003 - CONTROL NUMBER IDENTIFIER
control field OSt
005 - DATE AND TIME OF LATEST TRANSACTION
control field 20170810140029.0
008 - FIXED-LENGTH DATA ELEMENTS--GENERAL INFORMATION
fixed length control field 170810b xxu||||| |||| 00| 0 eng d
040 ## - CATALOGING SOURCE
Transcribing agency RUA
082 ## - DEWEY DECIMAL CLASSIFICATION NUMBER
Classification number AGR LON 2014 B547 Or.1
100 ## - MAIN ENTRY--PERSONAL NAME
9 (RLIN) 11932
Personal name LON PHALLIN, ឡន ផល្លីន
245 ## - TITLE STATEMENT
Title effect of diammonium phosphate (D A P) fertilizer on chinese cabbage at royal university of agriculture ,ប្រសិទ្ធភាពជីឌីអាម៉ូនីញ៉ូមផូស្វាត(ដេ អា ប៉េ)ទៅលើដំណាំស្ពៃចង្កឹះនៅសាកលវិទ្យាល័យភូមិន្ទកសិកម្ម
260 ## - PUBLICATION, DISTRIBUTION, ETC. (IMPRINT)
Place of publication, distribution, etc. phnom penh
Name of publisher, distributor, etc. RUA
Date of publication, distribution, etc. 2014
300 ## - PHYSICAL DESCRIPTION
Extent ix;36p;
Other physical details ill;
Dimensions 29cm;
942 ## - ADDED ENTRY ELEMENTS (KOHA)
Source of classification or shelving scheme
Koha item type AGR
Holdings
Price effective from Date last seen Permanent Location Not for loan Date acquired Source of classification or shelving scheme Koha item type Lost status Withdrawn status Total Renewals Date last checked out Total Checkouts Shelving location Damaged status Barcode Current Location Full call number
2017-08-102017-08-10Library Block B 2017-08-10 AGR     B547  Library Block BAGR LON 2014 B547 Or.1
2017-08-102018-06-25Library Block B 2017-08-10 AGR  12018-06-092B547 A08307Library Block BAGR LON 2014 B547 Or.2
2017-08-102017-08-10Library Block B 2017-08-10 AGR     B547 A08150Library Block BAGR LON 2014 B547 Or.3
2017-08-102017-08-10Library Block B 2017-08-10 AGR     B547 A08411Library Block BAGR LON 2014 B547 Or.4
2017-08-102017-08-10Library Block B 2017-08-10 AGR     B547 A08351Library Block BAGR LON 2014 B547 Or.5
2017-08-102018-08-15Library Block B 2017-08-10 AGR   2018-06-251B547 A09104Library Block BAGR LON 2014 B547 Or.6
2017-08-102018-07-03Library Block B 2017-08-10 AGR   2018-07-021B547 A08169Library Block BAGR LON 2014 B547 Or.7
2017-08-102018-12-12Library Block B 2017-08-10 AGR   2018-11-301B547 A08721Library Block BAGR LON 2014 B547 Or.8
មជ្ឈមណ្ឌលឯការនៃសាកលវិទ្យាល័យភូមិន្ទកសិកម្មចំការដូង

Powered by Koha